| 000 | 01116nam a2200217Ia 4500 | ||
|---|---|---|---|
| 999 |
_c53529 _d53529 |
||
| 001 | 20575 | ||
| 003 | GE_BSU | ||
| 005 | 20210223221345.0 | ||
| 008 | 181216s2010||||ge |||||||||||||| ||geo|| | ||
| 040 | _cGE_BSU | ||
| 041 | _ageo | ||
| 080 | _a351.78 ს-18 | ||
| 245 |
_aსაინფორმაციო ბროშურა კატასტროფის რისკის შემცირების შესახებ / _bბროშურა მომზადებულია ლოლიტა შენგელიას მიერ. |
||
| 264 |
_aთბილისი : _bცოტნე, _c2010. |
||
| 300 |
_a52 გვ. : _b ილ. ; _c24 სმ. |
||
| 541 | _h22 ლ. | ||
| 653 | _aსაგანგებო მდგომარეობები | ||
| 653 | _aბუნებრივი კატასტროფების რისკის შემცირება | ||
| 653 | _aსაინფორმაციო ბროშურა კატასტროფის რისკის შემცირების შესახებ | ||
| 942 |
_cBK _2udc |
||